L´Ingénieux Chevalier Don Quichotte de la Manche (Record no. 2859)

MARC details
000 -CABECERA
campo de control de longitud fija 01593nam a2200325 a 4500
001 - NÚMERO DE CONTROL
campo de control BRCA_3123
005 - FECHA Y HORA DE LA ÚLTIMA TRANSACCIÓN
campo de control 20190320204125.0
008 - DATOS DE LONGITUD FIJA--INFORMACIÓN GENERAL
campo de control de longitud fija 290109s1858----fr-a---###---#000-0#fre-u
041 ## - CÓDIGO DE LENGUA
Código de lengua del texto/banda sonora o título independiente fre
044 ## - CÓDIGO DEL PAÍS DE LA ENTIDAD EDITORA/PRODUCTORA
Código MARC del país fr
084 ## - OTRO NÚMERO DE CLASIFICACIÓN
Número de clasificación 429
Número de documento/Ítem .M35
-- 1858
100 1# - ENTRADA PRINCIPAL--NOMBRE DE PERSONA
Nombre de persona Cervantes Saavedra, Miguel de
Fechas asociadas al nombre 1547-1616
9 (RLIN) 213
245 10 - MENCIÓN DE TÍTULO
Título L´Ingénieux Chevalier Don Quichotte de la Manche
Mención de responsabilidad, etc. par Miguel de Cervantes Saavedra.
260 ## - PUBLICACIÓN, DISTRIBUCIÓN, ETC.
Lugar de publicación, distribución, etc. Tours (Francia)
Nombre del editor, distribuidor, etc. Mame
Fecha de publicación, distribución, etc. 1858
300 ## - DESCRIPCIÓN FÍSICA
Extensión viii, 552 p.
Otras características físicas il.
Dimensiones 25 cm.
500 ## - NOTA GENERAL
Nota general Contenido : Primera parte. Aviso del traductor. Texto. Segunda parte. Texto
500 ## - NOTA GENERAL
Nota general Edición : Traduction nouvelle. Illustré par Granville
500 ## - NOTA GENERAL
Nota general Reproducción de la edición publicada por los mismos editores en 1848, pero en un solo volumen y más abreviada, ya que suprime la dedicatoria al Conde de Lemos y el prólogo de Cervantes a la segunda parte. La impresión es muy buena y los dibujos de Grandville notable. Piel; planos orlados y lomos con florones y filetes dorados; cortes también dorados Lúdovik Osterc
500 ## - NOTA GENERAL
Nota general Con ex-libris : Sello de Biblioteca Callico
500 ## - NOTA GENERAL
Nota general QM358
546 ## - NOTA DE LENGUA/LENGUAJE
Nota de lengua/lenguaje Texto en : francés
650 14 - PUNTO DE ACCESO ADICIONAL DE MATERIA--TÉRMINO DE MATERIA
Término de materia o nombre geográfico como elemento de entrada Novela española
Subdivisión cronológica Época clásica, 1500-1700
9 (RLIN) 215
650 14 - PUNTO DE ACCESO ADICIONAL DE MATERIA--TÉRMINO DE MATERIA
Término de materia o nombre geográfico como elemento de entrada Literatura española
Subdivisión cronológica Época clásica, 1500-1700
9 (RLIN) 216
650 14 - PUNTO DE ACCESO ADICIONAL DE MATERIA--TÉRMINO DE MATERIA
Término de materia o nombre geográfico como elemento de entrada Novela española
Subdivisión cronológica Siglo XVII
9 (RLIN) 217
650 14 - PUNTO DE ACCESO ADICIONAL DE MATERIA--TÉRMINO DE MATERIA
Término de materia o nombre geográfico como elemento de entrada Don Quijote (Personaje ficticio)
Término indicativo de función/relación Novela
9 (RLIN) 218
700 1# - PUNTO DE ACCESO ADICIONAL--NOMBRE DE PERSONA
Nombre de persona Granville, J.J.
Fechas asociadas al nombre 1803-1847
Forma completa/desarrollada del nombre Jean Ignace Isidore Gérard
Término indicativo de función/relación Ilustrador
9 (RLIN) 8481
740 0# - PUNTO DE ACCESO ADICIONAL--TÍTULO RELACIONADO O ANALÍTICO NO CONTROLADO
Título relacionado o analítico no controlado El Ingenioso Hidalgo Don Quijote de la Mancha
902 ## - CATALOGADOR
Iniciales QFM
942 ## - ELEMENTOS DE PUNTO DE ACCESO ADICIONAL (KOHA)
Fuente del sistema de clasificación o colocación Library of Congress Classification
Tipo de ítem Koha Libros
Holdings
Estado de retiro Estado de pérdida Estado dañado No para préstamo Localización permanente Ubicación/localización actual Fecha de adquisición Número de inventario Total de préstamos Signatura topográfica completa Código de barras Fecha visto por última vez Precio válido a partir de Tipo de ítem Koha
El ejemplar forma parte de la colección y puede ser consultado según las políticas vigentes.       Biblioteca del Museo Franz Mayer (Rogerio Casas-Alatriste) Biblioteca del Museo Franz Mayer (Rogerio Casas-Alatriste) 29/01/2009 QM358   429 .M35 1858 (QM358) 3120 22/03/2019 22/03/2019 Libros